[Event "Athens Georgiou Memorial 3rd"]
[Site "Athens"]
[Date "2017.04.29"]
[Round "6"]
[White "Letsios, Vasileios"]
[Black "Papahristoudis, Anastasios"]
[Result "0-1"]
[WhiteElo "1466"]
[BlackElo "2042"]
[PlyCount "72"]
[EventDate "2017.03.11"]
[EventType "swiss"]
[EventRounds "7"]
[EventCountry "GRE"]
[SourceTitle "EXT 2024"]
[Source "ChessBase"]
[SourceDate "2023.10.10"]
[SourceVersion "1"]
[SourceVersionDate "2023.10.10"]
[SourceQuality "1"]

1. e4 e5 2. Nf3 Nc6 3. Bb5 a6 4. Ba4 Nf6 5. 0-0 Be7 6. Re1 b5 7. Bb3 0-0 8. c3 d6 9. h3 Na5 10. Bc2 c5 11. d4 Qc7 12. Nbd2 cxd4 13. cxd4 Rd8 14. d5 Bd7 15. Nf1 Rdc8 16. Ne3 Nc4 17. Nxc4 bxc4 18. Bd2 Rab8 19. Bc3 Bd8 20. Nh4 Qa7 21. Nf5 Bxf5 22. exf5 Qc5 23. Qf3 Qxd5 24. Be4 Nxe4 25. Rxe4 Qc6 26. g4 f6 27. g5 d5 28. Rg4 d4 29. Qxc6 Rxc6 30. Bd2 Rxb2 31. Bc1 Rb5 32. Kh1 c3 33. gxf6 Bxf6 34. Bh6 Kf7 35. Bg5 Bxg5 36. Rxg5 c2 0-1

[Event "GRE-chT 42nd"]
[Site "Porto Rio"]
[Date "2014.07.02"]
[Round "6.3"]
[White "Deligiannis, Paraskevas1"]
[Black "Letsios, Vasileios"]
[Result "1-0"]
[WhiteElo "2050"]
[BlackElo "1481"]
[PlyCount "55"]
[EventDate "2014.06.28"]
[EventType "team-swiss"]
[EventRounds "7"]
[EventCountry "GRE"]
[SourceTitle "CBM 161 Extra"]
[Source "ChessBase"]
[SourceDate "2014.08.29"]
[SourceVersion "1"]
[SourceVersionDate "2014.08.29"]
[SourceQuality "1"]
[WhiteTeam "Nautical Association"]
[BlackTeam "Alexandroupolis Ethnikos"]
[WhiteTeamCountry "GRE"]
[BlackTeamCountry "GRE"]

1. c4 e5 2. g3 Nf6 3. Bg2 Bc5 4. Nc3 c6 5. e3 0-0 6. Nge2 d6 7. 0-0 Be6 8. b3 Nbd7 9. Bb2 Bb6 10. f4 Ng4 11. f5 Bxe3+ 12. dxe3 Nxe3 13. Qd3 Nxf1 14. Rxf1 Nc5 15. Qe3 Bd7 16. b4 Na6 17. Ne4 Qb6 18. c5 dxc5 19. f6 Nc7 20. fxg7 Rfd8 21. Nf6+ Kxg7 22. Qg5+ Kf8 23. Nxh7+ Ke8 24. Qg8+ Ke7 25. Qxf7+ Kd6 26. Bxe5+ Kxe5 27. Qf4+ Ke6 28. Qf6# 1-0